00924nam a2200217 a 450000100100000000500170001000800410002704000250006808200160009310000400010924500940014925000110024326000530025430000250030749000240033259000760035670000390043283000310047195201870050299900170068900003529220200930074233.0111027s1954 mx 000 0 spa d aDO-SdBNPbspacBNPHU axxxxbD579t1 aDilthey, Wilhelm,d1833-191196105910aTeoría de la concepción del mundo. /cversión, prólogo y notas de Eugenio Ímaz. a2a ed. aMéxico :bFondo de Cultura Económica,c1954. axv, 404 p. ;c24 cm.1 aObras de Diltheyv8 aPerteneció a la biblioteca personal de Juan Isidro Jimenes Grullón.1 aÍmaz, Eugenio,epról.89925785 0aObras de Diltheyv8961060 001050718MOaGRbGRcCTd2011-10-27iLF1l0oxxxx D579tp35292-10r2020-06-25w2020-06-25y1zPerteneció a la biblioteca personal de Juan Isidro Jimenes -GrullónZNo se presta c34783d34783